| Tag |
First Indicator |
Second Indicator |
Subfields |
| LEADER |
00000pam a2200000 a 4500 |
| 001 |
in00000525926 |
| 005 |
20151013092314.0 |
| 008 |
831021s1984 nyua b 00110 eng |
| 010 |
|
|
|a 83021904
|
| 020 |
|
|
|a 0471867438
|
| 035 |
|
|
|a (OCoLC)10100839
|
| 035 |
|
|
|9 ACG0067AM
|
| 039 |
0 |
|
|a 2
|b 3
|c 3
|d 3
|e 3
|
| 040 |
|
|
|a DLC
|c DLC
|d TXA
|d UtOrBLW
|
| 041 |
1 |
|
|a eng
|a fre
|
| 049 |
|
|
|a TXAM
|c [1486152]
|
| 050 |
0 |
0 |
|a QA278
|b .L4213 1984
|
| 082 |
0 |
|
|a 519.5/35
|2 19
|
| 100 |
1 |
|
|a Lebart, Ludovic.
|
| 240 |
1 |
0 |
|a Techniques de la description statistique.
|l English
|
| 245 |
1 |
0 |
|a Multivariate descriptive statistical analysis :
|b correspondence analysis and related techniques for large matrices /
|c Ludovic Lebart, Alain Morineau, Kenneth M. Warwick ; translated by Elisabeth Moraillon Berry.
|
| 264 |
|
1 |
|a New York :
|b Wiley,
|c [1984]
|
| 264 |
|
4 |
|c ©1984
|
| 300 |
|
|
|a xvi, 231 pages :
|b illustrations ;
|c 24 cm.
|
| 336 |
|
|
|a text
|b txt
|2 rdacontent
|
| 337 |
|
|
|a unmediated
|b n
|2 rdamedia
|
| 338 |
|
|
|a volume
|b nc
|2 rdacarrier
|
| 490 |
1 |
|
|a Wiley series in probability and mathematical statistics
|
| 500 |
|
|
|a Translation of: Techniques de la description statistique.
|
| 500 |
|
|
|a Includes index.
|
| 504 |
|
|
|a Bibliography: pages 223-228.
|
| 650 |
|
0 |
|a Multivariate analysis
|x Data processing.
|
| 650 |
|
0 |
|a Matrices
|x Data processing.
|
| 700 |
1 |
|
|a Morineau, Alain,
|d 1940-
|
| 700 |
1 |
|
|a Warwick, Kenneth M.,
|d 1936-
|
| 830 |
|
0 |
|a Wiley series in probability and mathematical statistics.
|
| 999 |
|
|
|a MARS
|
| 999 |
f |
f |
|s 55d6c153-6ceb-364e-9cfd-7a142f5a4bff
|i ee25bdb6-a214-39ed-a6c0-11ced13a6bc4
|t 0
|
| 952 |
f |
f |
|p normal
|a Texas A&M University
|b College Station
|c Sterling C. Evans Library
|d Evans: Library Stacks
|t 0
|e QA278 .L4213 1984
|h Library of Congress classification
|i unmediated -- volume
|m A14808084398
|
| 998 |
f |
f |
|a QA278 .L4213 1984
|t 0
|l Evans: Library Stacks
|